| 000 | 00610cam a2200205Ia 4500 | ||
|---|---|---|---|
| 020 | _a0495067288 | ||
| 050 | 4 |
_aGE105 _b.M54 2006 |
|
| 100 | 1 |
_aMiller, G. Tyler _d1931- |
|
| 245 | 1 | 0 |
_aLiving in the environment : _bprinciples, connections, and solutions / _cG. Tyler Miller, Jr., Scott E. Spoolman. |
| 250 | _a13th ed. | ||
| 260 |
_aBelmont, CA : _bBrooks/Cole, _cc2012. |
||
| 300 | _a1 v. (various pagings) : | ||
| 500 | _aIncludes glossary and index. | ||
| 650 | 0 | _vTextbooks. | |
| 650 | 0 | _vTextbooks. | |
| 650 | 0 | _vTextbooks. | |
| 650 | 0 | _vTextbooks. | |
| 700 | 1 | _aSpoolman, Scott. | |
| 942 |
_2lcc _cGEN |
||
| 999 |
_c8186 _d8186 |
||